000 01292nam a22002657a 4500
005 20170124103129.0
010 _aA-591934
020 _c120.00
035 _aA-591934
037 _bCen Lib/Ret
040 _aDPL
_bHN
082 _a821.08
_bहसीना
100 _aहसीना बानो
_983744
245 _aमैथलीशरण गुप्त और इक़बाल के काव्यों का तुलनात्मक अध्ययन /
_cहसीना बानो
246 _aMaithlisharan gupt aur ikbal ke kavyon ka tulnatmak adhyayn
_bby Hasina Baano
260 _aइलाहाबाद
_bशिवम् प्रकाशन
_c1992
270 _a190-बी /10, राजरूपपुर
_bइलाहाबाद
300 _a192पृष्ठ.
_c21सेमी(सजिल्द)
500 _aसन्दर्भ ग्रन्थ सूची शामिल
650 _aहिंदी साहित्य
_983745
650 _aगुप्त एवं इक़बाल के काव्य का वर्गीकरण
_983746
650 _ahindi Literature
_983747
650 _aIqbal 's poetry classified secret and
_983748
942 _2ddc
_cHN
_h821.08
_mहसीना
999 _c119189
_d119189